000 00383nam a2200157Ia 4500
008 210716s9999 xx 000 0 und d
020 _a8187328649
041 _aeng
082 _a005.1331 GANP
100 _aGanesan, P Radha.
245 _aProgramming with c++.
250 _a1
260 _aChennai
_bScitech Publications Pvt Ltd.
300 _a523
650 _aC++ Progamming
999 _c186325
_d186325